000 00883cam a2200265 i 4500
999 _c4748
_d4748
001 4172706
005 20170801123519.0
008 790927s1979 nju 100 0 eng
010 _a 79022803
020 _a0391017020
040 _aDLC
_cDLC
_dDLC
050 1 0 _aB829.5
_b.S78 1979
082 0 0 _a142/.7
245 0 0 _aStudies in phenomenology and the human sciences /
_cedited by John Sallis.
260 _aAtlantic Highlands, N.J. :
_bHumanities Press,
_c1979.
300 _avii, 85 p. ;
_c24 cm.
500 _aReprinted from Research in phenomenology, 1979 vol. IX.
650 _aPhenomenology
_xAddresses, essays, lectures
_934225
650 _aHumanities
_xAddresses, essays, lectures
_934226
650 _aHermeneutics
_xAddresses, essays, lectures
_919604
700 1 _aSallis, John,
_d1938-
_933672
710 2 _aResearch in phenomenology.
_934227
906 _a7
_bcbu
_corignew
_d1
_eocip
_f19
_gy-gencatlg
942 _2lcc
_cMONOGRAPH